Score du RN aux européennes de 2024 - Statistiques

Statistiques générales
  • Ce quiz a été pris 35 fois
  • Le résultat moyen est 9 sur 20
Statistiques - réponses
% Départements % Correct
47,46 Pas-de-Calais (62)
81%
43,23 Var (83)
67%
42,56 Somme (80)
56%
50,64 Aisne (02)
52%
40,31 Marne (51)
52%
52,42 Mayotte (976)
52%
46,03 Meuse (55)
52%
40,51 Moselle (57)
52%
43,28 Oise (60)
52%
41,96 Vosges (88)
52%
41,45 Yonne (89)
48%
45,92 Ardennes (08)
44%
41,65 Corse-du-Sud (2A)
44%
47,13 Haute-Marne (52)
44%
44,12 Aube (10)
41%
40,57 Aude (11)
41%
40,42 Gard (30)
37%
42,66 Eure (27)
33%
43,38 Pyrénées-Orientales (66)
26%
45,80 Haute-Saône (70)
19%
Aucun quiz correspondant
Distribution des résultats
% des personnes avec chaque résultat
Percentile par nombre de réponses
Votre historique - résultats
Vous n’avez pas pris ce quiz